000 00883nam a2200241 a 4500
001 BRCA_1228
005 20190320203333.0
008 021030s2002 mx-a---##b---#000-0#spa-#
020 _a9701878159
041 _aspa
044 _amx
050 4 _aND259.J9
_b.J67 2002
245 1 0 _aJosé Juárez
_brecursos y discursos del arte de pintar.
260 _aMéxico
_bMuseo Nacional de Arte : Banamex : UNAM, Instituto de Investigaciones Estéticas
_c2002
300 _a339 p.
_bil. a color
_c32 cm.
500 _aCatálogo de la exposición realizada en el Museo Nacional de Arte (Ciudad de México), junio-noviembre, 2002
504 _aBibliografía : p. 311-318
600 1 4 _aJuárez, José
_d1617-1661
_vExposiciones
_94027
600 1 4 _aJuárez, José
_d1617-1661
_xCatálogo razonado
_94028
710 2 _aMuseo Nacional de Arte (México)
_9114
902 _aDSC
942 _2lcc
_cB
999 _c1098
_d1098